A spanyol- és keresztényellenes politika okai Rodrigo de Vivero (I.)

Elmentve itt :
Bibliográfiai részletek
További közreműködők: Túróczi Tamás
Dokumentumtípus: Könyv része
Megjelent: 2012
Sorozat:Documenta Historica
Források a spanyol expanzió japán periódusának (1587-1636) tanulmányozásához
Kulcsszavak:Rodrigo de Vivero, Gyarmatosítás - spanyol - Ázsia - 16-17. sz., Japán története - 16-17. sz. - forrás
Tárgyszavak:
Online Access:http://acta.bibl.u-szeged.hu/32873
LEADER 00880naa a2200217 i 4500
001 acta32873
005 20211213141437.0
008 161017s2012 hu o 0|| hun d
022 |a 1216-0954 
040 |a SZTE Egyetemi Kiadványok Repozitórium  |b hun 
041 |a hun 
245 0 2 |a A spanyol- és keresztényellenes politika okai   |h [elektronikus dokumentum] :  |b Rodrigo de Vivero (I.) 
260 |c 2012 
300 |a 48-50 
490 0 |a Documenta Historica 
490 0 |a Források a spanyol expanzió japán periódusának (1587-1636) tanulmányozásához 
650 4 |a Bölcsészettudományok 
650 4 |a Történettudomány és régészet 
695 |a Rodrigo de Vivero, Gyarmatosítás - spanyol - Ázsia - 16-17. sz., Japán története - 16-17. sz. - forrás 
700 0 1 |a Túróczi Tamás 
856 4 0 |u http://acta.bibl.u-szeged.hu/32873/1/doc_090_048-050.pdf  |z Dokumentum-elérés